| 000 | 01162cab a2200385 4500 | ||
|---|---|---|---|
| 001 | ABS54264 | ||
| 008 | 090401t1996 xxu||||| |||| 00| 0 eng d | ||
| 035 | _a(Sirsi) u9387 | ||
| 041 | _aeng | ||
| 100 | _aMartin, R. | ||
| 245 | _aDefective premises - the Empire strikes back | ||
| 260 | _c1996 | ||
| 350 | _a0 | ||
| 490 |
_aModern Law Review _v59(1) January 1996, 116-124(9) |
||
| 520 | _aA round up of English and Commonwealth case law on defective premises. | ||
| 650 | _aANNS V MERTON BC | ||
| 650 | _aBOWEN V PARAMOUNT BUILDERS | ||
| 650 | _aBRYAN V MALONEY | ||
| 650 | _aBUILDING DEFECTS | ||
| 650 | _aD&F ESTATES LTD V CHURCH COMMISSIONERS | ||
| 650 | _aDAMAGES | ||
| 650 | _aDEFECTIVE BUILDINGS | ||
| 650 | _aDEFECTIVE PREMISES | ||
| 650 | _aDONOGHUE V STEVENSON | ||
| 650 | _aDUTTON V BOGNOR REGIS DC | ||
| 650 | _aDUTY OF CARE | ||
| 650 | _aECONOMIC LOSS | ||
| 650 | _aINVERCARGILL V HAMLIN | ||
| 650 | _aMURPHY V BRENTWOOD | ||
| 650 | _aNEGLIGENCE | ||
| 650 | _aWINNIPEG CONDOMINIUM CORPORATION NO 36 V BIRD CONSTRUCTION LTD | ||
| 690 | _aBUILT ENVIRONMENT-BUILDING PATHOLOGY | ||
| 942 | _n0 | ||
| 948 | _c04/03/1997 | ||
| 999 |
_c5856 _d5856 |
||